000 00482nam a2200169Ia 4500
999 _c20647
_d20647
003 OSt
005 20211115120248.0
008 190216s9999||||xx |||||||||||||| ||und||
040 _coclc
082 _a915.4
_bSIN/R
100 _aSingh, U B
_98904
245 0 _aRegional Geography Of India /
_cU B Singh
260 _bKeder Nath Ram Nath,
_c1985.
_aNew Delhi:
300 _a668p
650 _aIndian History
942 _cBK
_2ddc
_h915.4
_iSIN/R
_k915.4
_mSIN/R